[Event "Pula op 10th"]
[Site "?"]
[Date "1996.??.??"]
[Round "?"]
[White "Mestrovic Zvonimir"]
[Black "Dizdar Goran"]
[Result "1/2-1/2"]
[WhiteElo "2470"]
[BlackElo "2525"]
[PlyCount "143"]
[EventDate "1996.??.??"]
[Source "www.chesslib.no"]
[SourceDate "2004.05.04"]

1. e4 e6 2. e5 d5 3. exd6 Bxd6 4. Qg4 g6 5. d4 Bf8 6. Nc3 Bg7 7. Bg5 Qxd4 8. Rd1 Qe5+ 9. Be2 Nd7 10. Nb5 Ngf6 11. Qb4 c5 12. Nf3 cxb4 13. Nxe5 Ke7 14. Nc7 Rb8 15. Bd2 a5 16. Bf4 Nxe5 17. Bxe5 Ne8 18. Nd5+ exd5 19. Bxb8 Be6 20. O-O Bxb2 21. Ba7 Nf6 22. Rb1 Bc3 23. a3 Ne4 24. axb4 Nd2 25. bxa5 Nxb1 26. Rxb1 Bxa5 27. Rxb7+ Kd6 28. Bd3 Rc8 29. Be3 Bc3 30. Ra7 Be5 31. h4 Rc7 32. Ra6+ Rc6 33. Ra5 Bf5 34. Bxf5 gxf5 35. Ra2 Rc4 36. h5 Rc6 37. Kf1 Ke6 38. Ke2 f4 39. Bd2 Kf5 40. Kf3 Rc4 41. Ra5 Ke6 42. Ra6+ Ke7 43. c3 Kf8 44. Ra5 Bxc3 45. Ra8+ Ke7 46. Ra7+ Ke8 47. Bxf4 Bd4 48. Ra2 Rb4 49. Re2+ Kd7 50. Kg4 Rb2 51. Rxb2 Bxb2 52. Kf5 Ke7 53. Be5 Ba3 54. Bd4 Bd6 55. g4 Kf8 56. f3 Kg8 57. Be5 Bb4 58. Bb2 Bd6 59. Bc1 Bc7 60. Bb2 Bd6 61. Bd4 Kf8 62. g5 Kg8 63. f4 Kf8 64. Kg4 Bb4 65. f5 Bd2 66. f6 Bb4 67. Kf5 Bd6 68. Be5 Bb4 69. Bf4 Bc3 70. Bc1 Kg8 71. Ba3 d4 72. Ke4 1/2-1/2

[Event "2nd League TCh-SCG"]
[Site "Belgrade"]
[Date "2003.09.28"]
[Round "2"]
[White "Markovic, Miroslav"]
[Black "Certic, Branimir"]
[Result "1/2-1/2"]
[WhiteElo "2525"]
[BlackElo "2396"]
[PlyCount "85"]
[EventDate "2003.09.27"]
[Source "Roberto Alvarez"]
[SourceDate "2003.10.13"]

1. e4 e6 2. e5 c5 3. Nf3 Nc6 4. c3 d6 5. exd6 Bxd6 6. g3 Nge7 7. Bg2 O-O 8. O-O e5 9. Na3 Bg4 10. d3 Qd7 11. Qb3 Rad8 12. Re1 Na5 13. Qc2 Ng6 14. Nd2 b5 15. Ne4 Be7 16. Bg5 Bxg5 17. Nxg5 a6 18. Ne4 Nb7 19. b4 cxb4 20. cxb4 Qxd3 21. Qxd3 Rxd3 22. Nc2 Rdd8 23. a4 Be6 24. Ne3 Rd4 25. Reb1 Nd6 26. Ng5 Bg4 27. h3 Be2 28. Rb2 Bc4 29. Nf3 Rd3 30. Nd2 Be6 31. h4 Ne7 32. axb5 axb5 33. Ra6 Nc4 34. Ndxc4 bxc4 35. Rc2 Rb3 36. Nxc4 Rxb4 37. Nxe5 Rb5 38. Re2 Ng6 39. Nf3 Rb1+ 40. Re1 Rxe1+ 41. Nxe1 Ne5 42. Nc2 Rc8 43. Ra8 1/2-1/2

[Event "Zadar op"]
[Site "?"]
[Date "1994.??.??"]
[Round "?"]
[White "Mestrovic Zvonimir"]
[Black "Dizdar Goran"]
[Result "1/2-1/2"]
[WhiteElo "2420"]
[BlackElo "2500"]
[PlyCount "35"]
[EventDate "1994.??.??"]
[Source "www.chesslib.no"]
[SourceDate "2004.05.04"]

1. e4 e6 2. e5 d5 3. exd6 Bxd6 4. d4 Nf6 5. Nf3 O-O 6. Bd3 c5 7. dxc5 Bxc5 8. O-O b6 9. Bg5 Bb7 10. Nc3 Nbd7 11. Qe2 a6 12. Rad1 Qc7 13. Ne4 Be7 14. Bh4 Rfe8 15. Bg3 Qc6 16. Rfe1 Nxe4 17. Bxe4 Qxe4 18. Qxe4 1/2-1/2

[Event "Radenci op"]
[Site "?"]
[Date "1998.??.??"]
[Round "?"]
[White "Mestrovic Zvonimir"]
[Black "Farago Ivan"]
[Result "1/2-1/2"]
[WhiteElo "2425"]
[BlackElo "2475"]
[PlyCount "26"]
[EventDate "1998.??.??"]
[Source "www.chesslib.no"]
[SourceDate "2004.05.04"]

1. e4 e6 2. e5 d6 3. exd6 cxd6 4. d4 Nf6 5. Nf3 Be7 6. Bd3 O-O 7. O-O b6 8. c3 Bb7 9. Bg5 Nbd7 10. Nbd2 Nd5 11. Bxe7 Nxe7 12. Re1 Nf6 13. Ne4 Nxe4 1/2-1/2

[Event "SCG First League m"]
[Site "?"]
[Date "2005.10.19"]
[Round "3"]
[White "Markovic Miroslav"]
[Black "Maksimovic Branimir"]
[Result "1-0"]
[WhiteElo "2489"]
[BlackElo "2395"]
[PlyCount "109"]
[EventDate "2005.??.??"]
[Source "www.chesslib.no"]
[SourceDate "2004.05.04"]

1. e4 e6 2. e5 d6 3. exd6 Bxd6 4. Nf3 e5 5. Nc3 Nf6 6. Bc4 O-O 7. d3 Nc6 8. Bg5 Bb4 9. Nd2 Be7 10. h3 Nd5 11. Bxd5 Bxg5 12. Bxc6 bxc6 13. Nf3 Be7 14. O-O Bd6 15. Re1 Re8 16. d4 exd4 17. Rxe8+ Qxe8 18. Qxd4 Bf5 19. Re1 Qd7 20. Ne4 Re8 21. c3 h6 22. a3 Bf8 23. Qa4 c5 24. Qxd7 Bxd7 25. Ng3 Rxe1+ 26. Nxe1 f6 27. Ne4 Kf7 28. c4 Bf5 29. f3 Ke6 30. Nd3 Bxe4 31. fxe4 Bd6 32. Kf2 h5 33. g4 h4 34. Kf3 g6 35. Ke3 Kd7 36. Kd2 Kc6 37. Ke2 Bg3 38. Kf3 Kd6 39. g5 f5 40. exf5 gxf5 41. g6 Ke6 42. Nf4+ Ke7 43. Nd5+ Kf8 44. Ne3 Be5 45. b3 Kg7 46. Nxf5+ Kxg6 47. Nxh4+ Kg5 48. Ng2 Bb2 49. a4 Kf5 50. Nf4 Bf6 51. Nd5 Bd8 52. Nf4 Bg5 53. Ng2 Ke5 54. h4 Bh6 55. Ne3 1-0

[Event "Nerezine"]
[Site "?"]
[Date "1996.??.??"]
[Round "?"]
[White "Mestrovic Zvonimir"]
[Black "Krumpacnik Domen"]
[Result "1/2-1/2"]
[WhiteElo "2470"]
[BlackElo "2390"]
[PlyCount "136"]
[EventDate "1996.??.??"]
[Source "www.chesslib.no"]
[SourceDate "2004.05.04"]

1. e4 e6 2. e5 d6 3. exd6 Bxd6 4. Qg4 Qf6 5. Nc3 Qg6 6. Qf3 Nc6 7. Ne4 Be7 8. c3 e5 9. Bb5 f5 10. Ng3 e4 11. Qh5 Nf6 12. Qxg6+ hxg6 13. d3 exd3 14. Nf3 Bd7 15. Bxd3 O-O-O 16. O-O Ng4 17. Bf4 Bf6 18. Rfe1 Ne7 19. Bc4 Bc6 20. Bg5 Bxf3 21. Bxf6 gxf6 22. Rxe7 Bxg2 23. Bf7 Bc6 24. Bxg6 Nxh2 25. Bxf5+ Kb8 26. Be4 Bxe4 27. Rxe4 Rd2 28. Kg2 f5 29. Nxf5 Rg8+ 30. Ng3 Ng4 31. Re2 Rxe2 32. Nxe2 Ne3+ 33. Kf3 Nc4 34. b3 Ne5+ 35. Ke4 Ng4 36. f4 Re8+ 37. Kf3 Nh2+ 38. Kf2 Ng4+ 39. Kg3 Nf6 40. Kf3 Nd5 41. Rh1 b5 42. c4 bxc4 43. bxc4 Ne3 44. c5 Nf5 45. Rb1+ Kc8 46. Rb3 Kd7 47. Ra3 Kc6 48. Rxa7 Re3+ 49. Kf2 Re4 50. Ra6+ Kd7 51. Rf6 Ne7 52. Rh6 Ra4 53. Rh7 Ke6 54. Kf3 Nd5 55. Rh6+ Nf6 56. Kg3 Rxa2 57. Nd4+ Kf7 58. Rh8 Ra5 59. c6 Rd5 60. Nf3 Ke6 61. Rc8 Nh5+ 62. Kg4 Nf6+ 63. Kh4 Kf5 64. Rf8 Rd6 65. Kg3 Ke6 66. Ne5 Rd5 67. Nf3 Rd6 68. Rc8 Rxc6 1/2-1/2

[Event "Tuzla"]
[Site "Tuzla"]
[Date "1981.??.??"]
[Round "5"]
[White "Palos, Osman"]
[Black "Kovacevic, Vlatko"]
[Result "0-1"]
[WhiteElo "2355"]
[BlackElo "2485"]
[PlyCount "108"]
[EventDate "1981.10.??"]
[Source "ChessBase"]

1. e4 e6 2. e5 d6 3. exd6 cxd6 4. d4 Nf6 5. Nf3 Be7 6. Bd3 O-O 7. O-O b6 8. Re1 Bb7 9. c3 Nbd7 10. h3 Qc8 11. Bf4 Bc6 12. Nbd2 Qb7 13. a4 a6 14. Bg3 b5 15. axb5 axb5 16. Qb3 Rfc8 17. Bf1 Bf8 18. Rec1 d5 19. Ne5 Nxe5 20. Bxe5 Nd7 21. Nf3 b4 22. Rxa8 Rxa8 23. Qc2 Bb5 24. cxb4 Bxf1 25. Rxf1 Rc8 26. Qa4 Rc4 27. Qa5 Bxb4 28. Qd8+ Bf8 29. Rb1 h6 30. Bg3 Nf6 31. b3 Rc8 32. Qa5 Ne4 33. Qe1 Bb4 34. Qf1 Nxg3 35. fxg3 Rc3 36. Qd1 Qc7 37. g4 Qg3 38. Qe2 Bd6 39. b4 Bxb4 40. Ra1 Bd6 41. Rf1 Qf4 42. Rd1 Qe4 43. Qa6 Bg3 44. Rf1 Kh7 45. Qb5 f6 46. Kh1 Qd3 47. Qb1 Qxb1 48. Rxb1 e5 49. Ng1 Rc2 50. dxe5 fxe5 51. Nf3 d4 52. Rd1 d3 53. h4 e4 54. Nd4 e3 0-1

[Event "Zadar Christmas Open"]
[Site "?"]
[Date "2002.12.17"]
[Round "4"]
[White "Mestrovic Zvonimir"]
[Black "Kovacevic Blazimir"]
[Result "1-0"]
[WhiteElo "2387"]
[BlackElo "2441"]
[PlyCount "133"]
[EventDate "2002.??.??"]
[Source "www.chesslib.no"]
[SourceDate "2004.05.04"]

1. e4 e6 2. e5 d6 3. exd6 cxd6 4. Nf3 Nf6 5. d4 Be7 6. Bd3 O-O 7. O-O b6 8. c3 Ba6 9. Bxa6 Nxa6 10. Qe2 Nc7 11. Nbd2 b5 12. Ne4 Qd7 13. Bg5 Nxe4 14. Qxe4 Nd5 15. Bxe7 Qxe7 16. Rfe1 Qf6 17. a4 a6 18. axb5 axb5 19. Qd3 b4 20. c4 Nf4 21. Qe3 g5 22. g3 Nh3+ 23. Kg2 g4 24. Nd2 Qg6 25. c5 dxc5 26. dxc5 Rad8 27. Nc4 Ng5 28. Ne5 Qh5 29. Qf4 f5 30. Rad1 Nh3 31. Qc4 Rde8 32. Nd7 Ng5 33. Ne5 Rf6 34. h4 gxh3+ 35. Kh1 Nf3 36. Qe2 f4 37. Qxf3 Qxf3+ 38. Nxf3 fxg3 39. Re3 gxf2 40. Rf1 Rc8 41. Ne5 Rf5 42. c6 Kg7 43. Re4 Kf6 44. Ng4+ Ke7 45. Rxf2 Rxf2 46. Nxf2 Rxc6 47. Nxh3 Rb6 48. b3 Kd6 49. Nf2 Kc5 50. Kg2 Kd5 51. Kf3 e5 52. Ng4 h5 53. Ne3+ Kc5 54. Rc4+ Kb5 55. Ke4 h4 56. Kxe5 Rh6 57. Nf5 Rh5 58. Rxh4 Rg5 59. Rh8 Kc5 60. Rc8+ Kb5 61. Kf4 Rg1 62. Nd4+ Kb6 63. Ke4 Rg3 64. Kd5 Rd3 65. Rc6+ Ka5 66. Rc5+ Ka6 67. Kc4 1-0

[Event "Keszthely"]
[Site "Keszthely"]
[Date "1981.??.??"]
[Round "12"]
[White "Mestrovic, Zvonimir"]
[Black "Herzog, Adolf"]
[Result "1/2-1/2"]
[WhiteElo "2435"]
[BlackElo "2355"]
[PlyCount "129"]
[EventDate "1981.04.??"]
[Source "ChessBase"]

1. e4 e6 2. e5 d6 3. exd6 Bxd6 4. d4 Nf6 5. Bg5 Nc6 6. Nf3 h6 7. Bxf6 Qxf6 8. Nc3 O-O 9. Bd3 Rd8 10. Ne4 Qe7 11. O-O e5 12. Nxd6 cxd6 13. Re1 Qf6 14. d5 Nb4 15. c4 Bg4 16. Be2 Bf5 17. Rf1 Bh7 18. a3 Nc2 19. Rc1 e4 20. Qxc2 exf3 21. Bd3 Bxd3 22. Qxd3 fxg2 23. Rfe1 b6 24. Re2 Re8 25. Rce1 Rxe2 26. Rxe2 g6 27. Qe3 Kg7 28. Kxg2 Rc8 29. b3 b5 30. Rc2 Qf5 31. Qd4+ Kg8 32. Rc3 bxc4 33. bxc4 h5 34. h3 Re8 35. Qxa7 Re1 36. Qb8+ Kg7 37. Qb2 Kg8 38. Rf3 Qg5+ 39. Rg3 Qc1 40. Qxc1 Rxc1 41. Kf3 Rxc4 42. Ke3 h4 43. Rf3 f5 44. Kd3 Ra4 45. Kc2 Kg7 46. Rd3 g5 47. Kb3 Rf4 48. f3 g4 49. fxg4 fxg4 50. hxg4 Rxg4 51. Rd1 Rg3+ 52. Kb4 h3 53. a4 h2 54. Rh1 Rg2 55. a5 Kf6 56. a6 Ke5 57. a7 Ra2 58. Rxh2 Rxa7 59. Rh5+ Kd4 60. Kb3 Rb7+ 61. Kc2 Rb5 62. Rh4+ Kxd5 63. Rh5+ Kc6 64. Rxb5 Kxb5 65. Kd3 1/2-1/2

[Event "Chigorin mem"]
[Site "St Petersburg"]
[Date "1998.11.09"]
[Round "9"]
[White "Milton, Sergei"]
[Black "Sotsky, Alexander"]
[Result "1-0"]
[WhiteElo "2345"]
[BlackElo "2425"]
[PlyCount "45"]
[EventDate "1998.10.31"]
[Source "ChessBase"]
[SourceDate "1999.01.01"]

1. e4 e6 2. e5 d5 3. exd6 Bxd6 4. d4 c5 5. dxc5 Bxc5 6. Qxd8+ Kxd8 7. Nf3 f6 8. Nbd2 e5 9. Ne4 Bf8 10. Be3 Nc6 11. O-O-O+ Kc7 12. Bc4 Bf5 13. Nc5 Bxc5 14. Bxc5 Nge7 15. Nh4 Rad8 16. Nxf5 Rxd1+ 17. Rxd1 Nxf5 18. g4 Nfd4 19. c3 b5 20. Bd3 Nf3 21. Bxb5 Nxh2 22. Be2 e4 23. Bd6+ 1-0

[Event "JUG Ch"]
[Site "Kladovo"]
[Date "1991.??.??"]
[Round "11"]
[White "Dumpor, Atif"]
[Black "Raicevic, Vladimir"]
[Result "1-0"]
[WhiteElo "2295"]
[BlackElo "2440"]
[PlyCount "193"]
[EventDate "1991.02.??"]
[Source "www.chesslib.no"]
[SourceDate "2004.05.04"]

1. e4 e6 2. e5 d5 3. exd6 cxd6 4. d4 Nf6 5. Nf3 Be7 6. Bd3 O-O 7. O-O b6 8. Re1 Ba6 9. Bxa6 Nxa6 10. Qe2 Qc8 11. c3 Nc7 12. Nbd2 Qa6 13. Qd1 Rac8 14. Nf1 Ncd5 15. h4 b5 16. Qb3 Qc6 17. Bg5 a5 18. a3 Rc7 19. N1d2 Rb7 20. Bxf6 Bxf6 21. Re4 Nb6 22. Rae1 d5 23. R4e2 b4 24. cxb4 axb4 25. axb4 Qa4 26. Qd3 Qxb4 27. b3 Qe7 28. g3 Rfb8 29. Kg2 Nd7 30. g4 g6 31. g5 Bg7 32. h5 Nf8 33. h6 Bh8 34. Qe3 Nd7 35. Qf4 Rb4 36. Nf1 Rxb3 37. Ne3 Qf8 38. Ng4 R3b4 39. Rc1 Rc4 40. Rxc4 dxc4 41. Nfe5 Nxe5 42. dxe5 Qd8 43. Rd2 Qe7 44. Rd4 c3 45. Rc4 Qa3 46. Rc7 Qf8 47. Rxc3 Rd8 48. Rc7 Rb8 49. Qc4 Qd8 50. Qc5 Ra8 51. f4 Qd2+ 52. Nf2 Rd8 53. Rc8 Qd7 54. Rxd8+ Qxd8 55. Ne4 Qa8 56. Kf3 Bg7 57. hxg7 Kxg7 58. Qe7 Qd5 59. Qc5 Qd1+ 60. Kf2 Qh1 61. Qe3 Qh2+ 62. Kf3 Qh1+ 63. Kg3 Qf1 64. Kh2 Kg8 65. Qf2 Qd3 66. Nd6 Kg7 67. Ne8+ Kf8 68. Nd6 Kg7 69. Kg2 Qd5+ 70. Qf3 Qd2+ 71. Kh3 Qe1 72. Ne4 Kg8 73. Kg2 Kg7 74. Qd3 Kg8 75. Kf3 Kg7 76. Qd2 Qa1 77. Ke3 Qg1+ 78. Kd3 Qb1+ 79. Kd4 Qa1+ 80. Kc4 Qa6+ 81. Kb3 Qb5+ 82. Qb4 Qd5+ 83. Qc4 Qb7+ 84. Kc2 Qa8 85. Nd6 Qa7 86. Kb3 Qa5 87. Qc8 Qd5+ 88. Kb4 Qd2+ 89. Kb5 Qd5+ 90. Kb6 Qd4+ 91. Kc6 Qa4+ 92. Kc7 Qa5+ 93. Kd7 Qa4+ 94. Ke7 Qa7+ 95. Ke8 Qa4+ 96. Qd7 Qa8+ 97. Nc8 1-0

[Event "Zug"]
[Site "Zug"]
[Date "1987.??.??"]
[Round "6"]
[White "Gerber, Richard"]
[Black "Miralles, Gilles"]
[Result "0-1"]
[WhiteElo "2275"]
[BlackElo "2425"]
[PlyCount "146"]
[EventDate "1987.??.??"]
[Source "www.chesslib.no"]
[SourceDate "2004.05.04"]

1. e4 e6 2. e5 d6 3. exd6 Bxd6 4. d4 Nf6 5. Nf3 Nbd7 6. Nc3 O-O 7. Bg5 h6 8. Bh4 c5 9. Be2 cxd4 10. Nxd4 Be5 11. O-O Qb6 12. Nb3 Rd8 13. Bd3 Qc7 14. Bg3 Bxg3 15. hxg3 Ne5 16. Qe2 Nxd3 17. cxd3 b6 18. Rac1 Qd7 19. Rfd1 Bb7 20. d4 Rac8 21. Nd2 Qxd4 22. Nde4 Qe5 23. Nxf6+ Qxf6 24. Qb5 Qe7 25. Qa4 a6 26. a3 Qc5 27. Qh4 Qf8 28. Ne4 Rxc1 29. Rxc1 f5 30. Nc3 Rd2 31. b4 Qd6 32. Qf4 Rd4 33. Qxd6 Rxd6 34. Na4 a5 35. Rc7 Bd5 36. Rc8+ Kh7 37. Rb8 axb4 38. axb4 Bc6 39. Nxb6 Rd4 40. Na8 Bxa8 41. Rxa8 Rxb4 42. Kf1 Kg6 43. Ke2 Rb6 44. Ra4 e5 45. Ra8 Rb2+ 46. Ke3 Rb3+ 47. Ke2 Rb7 48. Ra6+ Kf7 49. Ke3 Re7 50. Rb6 Re6 51. Rb7+ Kf6 52. Rb1 Ra6 53. Rc1 g6 54. Rb1 e4 55. Rh1 h5 56. Rb1 Kg5 57. Rh1 Ra3+ 58. Ke2 Rb3 59. Ra1 Kg4 60. Rc1 g5 61. Kf1 Rb2 62. Re1 Rd2 63. Kg1 Rd3 64. Kh2 Ra3 65. Rb1 Ra2 66. Rf1 h4 67. gxh4 Kxh4 68. Kg1 Re2 69. Rb1 e3 70. Rb4+ f4 71. fxe3 Kg3 72. Kf1 Rxe3 73. Rb5 g4 0-1

[Event "POL-chT2"]
[Site "?"]
[Date "1998.??.??"]
[Round "?"]
[White "Koc Przemyslaw"]
[Black "Bus Mariusz"]
[Result "1/2-1/2"]
[WhiteElo "2330"]
[BlackElo "2370"]
[PlyCount "42"]
[EventDate "1998.??.??"]
[Source "www.chesslib.no"]
[SourceDate "2004.05.04"]

1. e4 e6 2. e5 c5 3. Nf3 Nc6 4. Bb5 Qc7 5. Bxc6 Qxc6 6. O-O b6 7. Nc3 Bb7 8. d3 f5 9. a4 Ne7 10. Qe2 Ng6 11. Rd1 a6 12. Nb1 Rc8 13. b3 Be7 14. Na3 O-O 15. Nc4 f4 16. Ba3 Qc7 17. d4 Bd5 18. a5 bxa5 19. Nd6 Bxd6 20. exd6 Qxd6 21. c4 Bxf3 1/2-1/2

[Event "ESP Team Ch"]
[Site "ESP"]
[Date "1990.??.??"]
[Round "?"]
[White "San Claudio Gonzalez, Francisco Javier"]
[Black "De la Villa Garcia, Jesus Maria"]
[Result "0-1"]
[WhiteElo "2245"]
[BlackElo "2450"]
[PlyCount "59"]
[EventDate "1990.??.??"]
[Source "www.chesslib.no"]
[SourceDate "2004.05.04"]

1. e4 e6 2. e5 d6 3. exd6 cxd6 4. d4 Nf6 5. Nf3 Be7 6. Bd3 O-O 7. O-O Nc6 8. Re1 Qc7 9. c3 e5 10. Na3 Bg4 11. Nb5 Qd7 12. d5 Nxd5 13. Bxh7+ Kxh7 14. Qxd5 a6 15. Na3 Qf5 16. Re3 Qg6 17. h3 Be6 18. Qd1 f5 19. Qc2 e4 20. Nd4 Nxd4 21. cxd4 f4 22. Re1 d5 23. f3 Rac8 24. Qf2 e3 25. Bxe3 fxe3 26. Rxe3 Bg5 27. Re2 Bxh3 28. Rae1 Kg8 29. Qg3 Be3+ 30. Rxe3 0-1

[Event "Open"]
[Site "?"]
[Date "2005.01.24"]
[Round "3"]
[White "Olivier Jean-Christophe"]
[Black "Masserey Yvan"]
[Result "0-1"]
[WhiteElo "2364"]
[BlackElo "2320"]
[PlyCount "134"]
[EventDate "2005.??.??"]
[Source "www.chesslib.no"]
[SourceDate "2004.05.04"]

1. e4 e6 2. e5 d6 3. exd6 Bxd6 4. d4 Nf6 5. Nf3 O-O 6. Nbd2 b6 7. Be2 Bb7 8. O-O Bf4 9. Nc4 Bxc1 10. Qxc1 Qd5 11. Qf4 Nbd7 12. Rfe1 Rac8 13. Bf1 Qh5 14. Nfe5 Nxe5 15. Nxe5 Nd5 16. Qg3 Qh6 17. Rad1 Nf6 18. c3 Rfd8 19. h4 Rd6 20. Qg5 Qxg5 21. hxg5 Nd5 22. g3 Ne7 23. Nc4 Rd7 24. Ne5 Rd6 25. Nc4 Rd7 26. Bg2 Bxg2 27. Kxg2 Rcd8 28. Ne3 Nd5 29. Ng4 Ne7 30. Ne3 Nd5 31. Ng4 Ne7 32. Ne5 Rd5 33. Nf3 c5 34. Rc1 Nc6 35. dxc5 Rxc5 36. Rcd1 Rcd5 37. Rxd5 Rxd5 38. Re2 Kf8 39. Rd2 Rxd2 40. Nxd2 Ke7 41. Kf3 e5 42. Ke4 Ke6 43. Nf3 f5+ 44. gxf6 gxf6 45. g4 Na5 46. Nd2 Nb7 47. c4 Nc5+ 48. Ke3 f5 49. f3 f4+ 50. Ke2 Na4 51. b4 Nc3+ 52. Kd3 Nxa2 53. b5 Nc1+ 54. Ke4 h6 55. Nb1 Nb3 56. Kd3 Nc5+ 57. Ke2 e4 58. Nc3 e3 59. Nd5 Ke5 60. Ne7 Kd4 61. Nf5+ Kxc4 62. Nxh6 Ne6 63. Nf5 Kxb5 64. Kd3 Kc5 65. Nh4 Kd5 66. Ng6 a5 67. Ne7+ Kc5 0-1

[Event "otb"]
[Site "otb"]
[Date "2007.03.30"]
[Round "7"]
[White "Eliseev Alexei"]
[Black "Vunder Andrey"]
[Result "0-1"]
[WhiteElo "2424"]
[BlackElo "2255"]
[PlyCount "52"]
[Source "www.chesslib.no"]
[SourceDate "2004.05.04"]

1. e4 e6 2. e5 d6 3. Nf3 Nc6 4. Bb5 Bd7 5. exd6 Bxd6 6. O-O Nf6 7. d4 Ne7 8. Bd3 Ng6 9. Re1 c5 10. Na3 cxd4 11. Nb5 Bc5 12. Nbxd4 O-O 13. c3 Qc7 14. Bg5 Rad8 15. Qc2 Rfe8 16. Rad1 a6 17. g3 Bc8 18. h4 e5 19. Bxf6 gxf6 20. Nb3 Ba7 21. Kg2 Qd7 22. Nh2 Qh3+ 23. Kh1 Bg4 24. Nd2 Bxf2 25. Bf1 Qxg3 26. Ne4 Qg1# 0-1

[Event "RUS-Cup5"]
[Site "Ekaterinburg"]
[Date "1997.??.??"]
[Round "3"]
[White "Gladisheva, Tatjana"]
[Black "Shariyazdanov, Andrey"]
[Result "0-1"]
[WhiteElo "2150"]
[BlackElo "2525"]
[PlyCount "72"]
[EventDate "1997.02.13"]
[Source "ChessBase"]

1. e4 e6 2. e5 c5 3. g3 Nc6 4. f4 d5 5. exd6 Bxd6 6. Bg2 Nge7 7. Nc3 b6 8. Nf3 Bb7 9. d3 O-O 10. Ne4 Nf5 11. O-O Be7 12. Bd2 Qd7 13. g4 Nfd4 14. c3 Nxf3+ 15. Rxf3 f5 16. gxf5 exf5 17. Nf2 Bf6 18. Qf1 Rfe8 19. Re1 Rxe1 20. Qxe1 Ne7 21. Rg3 Bxg2 22. Rxg2 Ng6 23. Qd1 Nh4 24. Rg3 Kh8 25. Nh3 Qd5 26. Qh5 g6 27. Qe2 Qxa2 28. Ng5 h6 29. Rh3 hxg5 30. fxg5 Bg7 31. Rxh4+ Kg8 32. c4 Rd8 33. Qe6+ Kf8 34. Qxg6 Qb1+ 35. Kg2 Qxd3 36. Be1 Rd4 0-1

[Event "3. Marx Gyorgy Memorial Open"]
[Site "?"]
[Date "2005.06.15"]
[Round "2.1"]
[White "Horvath Kalman"]
[Black "Erdos Viktor"]
[Result "0-1"]
[WhiteElo "2174"]
[BlackElo "2480"]
[PlyCount "96"]
[EventDate "2005.??.??"]
[Source "www.chesslib.no"]
[SourceDate "2004.05.04"]

1. e4 e6 2. e5 d5 3. exd6 cxd6 4. d4 Nf6 5. Nf3 b6 6. c3 Bb7 7. Be2 Nbd7 8. Nbd2 Qc7 9. a4 a6 10. Nc4 Be7 11. O-O O-O 12. Ne3 Bc6 13. Qb3 Qb7 14. Nd2 b5 15. axb5 axb5 16. Rxa8 Rxa8 17. Bf3 Bxf3 18. Nxf3 d5 19. Nc2 Bd6 20. h3 Qc6 21. Re1 Ne4 22. Ng5 Nxg5 23. Bxg5 Nb6 24. Ra1 Ra4 25. Bc1 h6 26. Ra2 Nc4 27. Rxa4 bxa4 28. Qa2 Qb5 29. Ne3 Na5 30. Bd2 Nb3 31. c4 dxc4 32. Bc3 Nc1 33. Qxc4 Ne2+ 34. Kh1 Qxc4 35. Nxc4 Nxc3 36. Nxd6 Nd1 37. Kg1 Nxb2 38. Nb5 Nc4 39. Kf1 a3 40. Nc3 Nb6 41. Ke2 Nd5 42. Na2 Kh7 43. g3 Kg6 44. Kd3 Kf5 45. f3 h5 46. h4 f6 47. Kc2 g5 48. hxg5 fxg5 0-1

[Event "Portoroz (open)"]
[Site "?"]
[Date "2004.04.24"]
[Round "2"]
[White "Drazic Sinisa"]
[Black "Nedimovic Ljubisa"]
[Result "1-0"]
[WhiteElo "2476"]
[BlackElo "2176"]
[PlyCount "151"]
[EventDate "2004.??.??"]
[Source "www.chesslib.no"]
[SourceDate "2004.05.04"]

1. e4 e6 2. e5 d5 3. exd6 cxd6 4. d4 Nf6 5. Nf3 Be7 6. Bd3 O-O 7. O-O b6 8. Re1 Bb7 9. Nbd2 Nbd7 10. b3 Re8 11. Bb2 Nf8 12. a3 Ng6 13. g3 Qc7 14. Qe2 Rac8 15. Qf1 Nf8 16. Rac1 Qb8 17. Qh3 Qa8 18. Ng5 h6 19. Nge4 Nxe4 20. Nxe4 Nh7 21. Re3 Bxe4 22. Bxe4 Ng5 23. Qg2 Nxe4 24. Qxe4 Qxe4 25. Rxe4 d5 26. Re2 b5 27. Kf1 Rc6 28. Ke1 Rec8 29. Kd2 Ra6 30. Ra1 Rcc6 31. Kd3 Ra5 32. Ree1 Rca6 33. a4 bxa4 34. Bc3 Rb5 35. bxa4 Rb7 36. a5 Bb4 37. Bxb4 Rxb4 38. Ra3 Rb5 39. Rea1 h5 40. h4 g6 41. R1a2 Kg7 42. Ke3 Kf6 43. Kf4 Rb4 44. c3 Rc4 45. Re2 Rac6 46. Re3 Ra6 47. Re2 Rac6 48. Re3 Ra6 49. f3 Rc8 50. Re2 Rac6 51. Rc2 Rb8 52. g4 hxg4 53. fxg4 Rb1 54. Rf2 Rh1 55. Kg3+ Kg7 56. Rf3 Rg1+ 57. Kf4 Rb1 58. Kg5 Ra6 59. Ra2 Rb3 60. Raf2 Rb7 61. h5 gxh5 62. gxh5 Rxa5 63. h6+ Kg8 64. Kf6 Ra1 65. Rg2+ Kh8 66. Ke5 Re1+ 67. Kd6 Kh7 68. Rf6 Rh1 69. Rg7+ Kh8 70. Rg3 Kh7 71. Rg7+ Kh8 72. Rgxf7 Rxf7 73. Rxf7 Rxh6 74. Rxa7 Rh3 75. Kxe6 Rxc3 76. Kxd5 1-0

[Event "Bled Open"]
[Site "Bled SLO"]
[Date "1995.??.??"]
[Round "8"]
[White "Mestrovic, Zvonimir"]
[Black "Sprotte, Norbert"]
[Result "1-0"]
[WhiteElo "2415"]
[BlackElo "2225"]
[PlyCount "43"]
[EventDate "1995.03.??"]
[Source "www.chesslib.no"]
[SourceDate "2004.05.04"]

1. e4 e6 2. e5 d5 3. exd6 Bxd6 4. d4 Nd7 5. Qg4 g6 6. Nc3 f5 7. Qe2 Qe7 8. Nf3 a6 9. Bg5 Ngf6 10. Qd2 Qg7 11. Bh6 Qe7 12. O-O-O b5 13. Bg5 Bb7 14. Bd3 O-O-O 15. Rhe1 Nb6 16. Qe2 Rde8 17. a4 bxa4 18. Bxa6 a3 19. Qb5 axb2+ 20. Kb1 Rd8 21. Na4 Rhf8 22. Qc6 1-0

[Event "Deutschland"]
[Site "?"]
[Date "2003.02.23"]
[Round "7.7"]
[White "Gallinnis Norbert"]
[Black "Busch Raimund"]
[Result "1-0"]
[WhiteElo "2292"]
[BlackElo "2344"]
[PlyCount "59"]
[EventDate "2003.??.??"]
[Source "www.chesslib.no"]
[SourceDate "2004.05.04"]

1. e4 e6 2. e5 d6 3. exd6 Bxd6 4. d4 Nf6 5. Nf3 O-O 6. Bd3 c5 7. dxc5 Bxc5 8. O-O Qc7 9. Nc3 Nbd7 10. Bg5 a6 11. Qe2 b5 12. Ne4 Be7 13. Nxf6+ Nxf6 14. Qe5 Bd6 15. Qd4 Nd5 16. Qh4 f5 17. c4 Nf4 18. Bxf4 Bxf4 19. g3 Bh6 20. cxb5 axb5 21. Bxb5 Bb7 22. Ne1 Qe5 23. Qb4 Qd5 24. f3 Be3+ 25. Kh1 Rfc8 26. a4 Rc7 27. Ra3 Bc5 28. Qb3 Qd2 29. Qc2 Bxf3+ 30. Raxf3 1-0

[Event "Int Open"]
[Site "?"]
[Date "1998.08.05"]
[Round "1"]
[White "Zaderman Yuri"]
[Black "Hergott Deen"]
[Result "1/2-1/2"]
[WhiteElo "2265"]
[BlackElo "2370"]
[PlyCount "102"]
[EventDate "1998.??.??"]
[Source "www.chesslib.no"]
[SourceDate "2004.05.04"]

1. e4 e6 2. e5 d6 3. exd6 cxd6 4. d4 Nf6 5. Nf3 Be7 6. Bd3 O-O 7. O-O b6 8. Re1 Bb7 9. Nbd2 Nbd7 10. Nf1 Re8 11. Ng3 Bf8 12. Bg5 h6 13. Bxf6 Nxf6 14. c3 a6 15. Bc2 Qc7 16. Nh4 b5 17. Nh5 Nxh5 18. Qxh5 Qe7 19. f4 Qf6 20. Qg4 b4 21. Re3 Rac8 22. Rae1 bxc3 23. bxc3 Rc7 24. Bb3 Bc8 25. Qg3 Bd7 26. Kh1 d5 27. Nf3 Bd6 28. Ne5 Rec8 29. Bc2 Bb5 30. Bb1 Kf8 31. Rf3 Bxe5 32. dxe5 Qe7 33. f5 Qg5 34. Qxg5 hxg5 35. fxe6 Re7 36. Rh3 Ree8 37. exf7 Kxf7 38. Bf5 Rc4 39. e6+ Kf6 40. Rf3 Rf4 41. Bh3 Rxf3 42. gxf3 Bd7 43. Kg2 Bxe6 44. Bxe6 Rxe6 45. Rxe6+ Kxe6 46. Kf2 Kd6 47. Ke3 Kc5 48. Kd3 a5 49. a4 g6 50. h3 Kc6 51. Ke3 Kc5 1/2-1/2

[Event "Int Open"]
[Site "?"]
[Date "1998.08.08"]
[Round "7"]
[White "Zaderman Yuri"]
[Black "Milicevic Goran"]
[Result "1-0"]
[WhiteElo "2265"]
[BlackElo "2370"]
[PlyCount "109"]
[EventDate "1998.??.??"]
[Source "www.chesslib.no"]
[SourceDate "2004.05.04"]

1. e4 e6 2. e5 c5 3. Nf3 Nc6 4. c3 d5 5. exd6 Bxd6 6. d4 cxd4 7. Nxd4 Nge7 8. Nb5 Bb8 9. Qxd8+ Nxd8 10. Be3 b6 11. Nd2 O-O 12. Be2 Bb7 13. Bf3 Nf5 14. Rd1 Nxe3 15. fxe3 a6 16. Na3 b5 17. Nb3 Bxf3 18. gxf3 Nc6 19. Ke2 Be5 20. Nc5 Rfc8 21. Nd7 Bc7 22. Rd2 Ne5 23. Rhd1 g6 24. h3 Kg7 25. Nxe5 Bxe5 26. Nc2 a5 27. a3 Ra7 28. Rd7 Rcc7 29. Rxc7 Rxc7 30. Rd8 Rb7 31. Ra8 Bc7 32. Nd4 a4 33. Ra6 e5 34. Nc6 Bd6 35. Ra7 Rb6 36. Nd8 Kf8 37. Rxf7+ Ke8 38. Rb7 Rxb7 39. Nxb7 Be7 40. Kd3 Kd7 41. c4 Kc7 42. Na5 b4 43. c5 bxa3 44. bxa3 Bxc5 45. Nc4 Bd6 46. Nxd6 Kxd6 47. Kc4 e4 48. f4 Kc6 49. Kd4 Kb5 50. Kd5 Kb6 51. Kxe4 Kc5 52. Kd3 Kd5 53. e4+ Kc5 54. Kc3 h6 55. h4 1-0